000 00308nam a22001457a 4500
003 SGT
082 _a340,MAL
100 _aMALHOTRA ANIL
245 _aINTERNATIONAL & INDIAN THE LAW
250 _a3RD
260 _aNEW DELHI
_bUNIVERSAL
_c2015
300 _a640
650 _aLAW BOOKS
942 _2ddc
_cBK
_01
999 _c10134
_d10134